| 000 | 00579nam a22001817a 4500 | ||
|---|---|---|---|
| 005 | 20240724144737.0 | ||
| 008 | 090826t xxu||||| |||| 00| 0 eng d | ||
| 010 | _aENG-140949 | ||
| 020 |
_a8190312553 _c340.00 |
||
| 035 | _aEN-124481 | ||
| 037 | _bDBAD/PUB | ||
| 100 |
_aNaqvi , Mushtaq _963720 |
||
| 245 |
_aThe True Face Of Islam/ _cBy Naqvi Mushtaq |
||
| 260 |
_bLaburnum Press _aAllahabad _c2012 |
||
| 270 |
_a6, Drummond Road _bAllahabad _e211001 |
||
| 300 |
_a266pg; _c22cm(pbk) |
||
| 942 |
_2ddc _cEN _hN _mEBI |
||
| 999 |
_c204381 _d204381 |
||